000 00592nam a2200229Ia 4500
008 180628s9999 xx 000 0 und d
020 _a978-971-23-7122-6
050 _aFIL GT 3405
050 _b.R66 2015
100 _aRomero, Eloisa Altez -
245 0 _aEvents management /
245 0 _cEloisa Altez-Romero.
260 _aManila :
260 _bRex Bookstore,
260 _c2015
300 _a132 pages :
300 _billustrations ;
300 _c26 cm.
500 _aIncludes index.
650 _aSpecial events -- Management.
650 _xSpecial events -- Planning.
999 _c358121
_d358121